Planning for gypsy and traveller caravan sites (Record no. 80179)

MARC details
000 -LEADER
fixed length control field 01280cab a22002175a 4500
001 - CONTROL NUMBER
control field L143442
008 - FIXED-LENGTH DATA ELEMENTS--GENERAL INFORMATION
fixed length control field 080509s2008 xxk f 000 0 eng d
035 ## - SYSTEM CONTROL NUMBER
System control number (Sirsi) u143442
041 0# - LANGUAGE CODE
Language code of text/sound track or separate title eng
100 1# - MAIN ENTRY--PERSONAL NAME
Personal name Langham, Richard
245 00 - TITLE STATEMENT
Title Planning for gypsy and traveller caravan sites
260 ## - PUBLICATION, DISTRIBUTION, ETC.
Date of publication, distribution, etc. 2008
490 ## - SERIES STATEMENT
Series statement Solicitors' Journal
Volume/sequential designation May 2008, 20-22(2)
520 ## - SUMMARY, ETC.
Summary, etc. Examines the effect over the last two years of the ODPM's circular on planning for gypsy and traveller sites (L132486). The circular provides for the assessment of travellers' needs, the sharing between districts of site quotas according to regional spatial strategies, and their allocation. There are also transitional provisions for each of these stages. Notes that the allocation of land to travellers is a new development. Examines the problems raised when councils prefer to extend pitches rather than create new ones. Considers the wishes of landowners. Looks at temporary planning permission and its relation to satisfying the allocation quota.
590 ## - LOCAL NOTE (RLIN)
Local note KA
650 24 - SUBJECT ADDED ENTRY--TOPICAL TERM
Topical term or geographic name entry element ODPM CIRCULAR 01/2006
650 24 - SUBJECT ADDED ENTRY--TOPICAL TERM
Topical term or geographic name entry element DONCASTER BC V SOS FOR THE ENVIRONMENT
651 #4 - SUBJECT ADDED ENTRY--GEOGRAPHIC NAME
Geographic name United Kingdom
Chronological subdivision
690 ## - LOCAL SUBJECT ADDED ENTRY--TOPICAL TERM (OCLC, RLIN)
Topical term or geographic name as entry element ENVIRONMENTAL AND LAND CONSULTANCY-PLANNING AND DEVELOPMENT-DEVELOPMENT CONTROL
942 ## - ADDED ENTRY ELEMENTS (KOHA)
Suppress in OPAC 0
Holdings
Withdrawn status Lost status Source of classification or shelving scheme Damaged status Not for loan Home library Current library Shelving location Date acquired Total Checkouts Full call number Barcode Date last seen Copy number Price effective from Koha item type
    Dewey Decimal Classification     London London Journal article 09/05/2008   L143442 143442-1001 06/08/2019 1 06/08/2019 Journal article